| 000 -CABECERA |
| campo de control de longitud fija |
02652nam a22002417a 4500 |
| 003 - IDENTIFICADOR DEL NÚMERO DE CONTROL |
| campo de control |
OSt |
| 005 - FECHA Y HORA DE LA ÚLTIMA TRANSACCIÓN |
| campo de control |
20230718181951.0 |
| 008 - DATOS DE LONGITUD FIJA--INFORMACIÓN GENERAL |
| campo de control de longitud fija |
230718b ||||| |||| 00| 0 spa d |
| 020 ## - NÚMERO INTERNACIONAL ESTÁNDAR DEL LIBRO |
| Número Internacional Estándar del Libro |
9789587584660 |
| 040 ## - FUENTE DE LA CATALOGACIÓN |
| Centro/agencia transcriptor |
CO-MqBPB |
| 082 ## - NÚMERO DE LA CLASIFICACIÓN DECIMAL DEWEY |
| Número de clasificación |
305.50973 |
| Número de documento/Ítem |
S74p |
| 100 ## - ENTRADA PRINCIPAL--NOMBRE DE PERSONA |
| Nombre de persona |
Stiglitz, Joseph E./ |
| Fechas asociadas al nombre |
1943- |
| 245 ## - MENCIÓN DE TÍTULO |
| Título |
El precio de la desigualdad : el 1% de la población tiene lo que el 99% necesita / |
| Mención de responsabilidad, etc. |
Joseph E. Stiglitz ; traducción de Alejandro Pradera. |
| 260 ## - PUBLICACIÓN, DISTRIBUCIÓN, ETC. |
| Lugar de publicación, distribución, etc. |
Bogotá : |
| Nombre del editor, distribuidor, etc. |
Taurus, |
| Fecha de publicación, distribución, etc. |
2012. |
| 300 ## - DESCRIPCIÓN FÍSICA |
| Extensión |
498 páginas; |
| Otras características físicas |
Tapa Rústica, |
| Dimensiones |
24 cm. |
| 490 ## - MENCIÓN DE SERIE |
| Mención de serie |
1a. edición |
| 500 ## - NOTA GENERAL |
| Nota general |
El 1 % de la población disfruta de las mejores viviendas, la mejor educación, los mejores médicos y el mejor nivel de vida, pero hay una cosa que el dinero no puede comprar: la comprensión de que su destino está ligado a cómo vive el otro 99 %. A lo largo de la historia esto es algo que esa minoría solo ha logrado entender… cuando ya era demasiado tarde. Las consecuencias de la desigualdad son conocidas: altos índices de criminalidad, problemas sanitarios, menores niveles de educación, de cohesión social y de esperanza de vida. Pero ¿cuáles son sus causas, por qué está creciendo con tanta rapidez y cuál es su efecto sobre la economía? El precio de la desigualdad proporciona las esperadas respuestas a estas apremiantes cuestiones en una de las más brillantes contribuciones de un economista al debate público de los últimos años. El premio Nobel Joseph Stiglitz muestra cómo los mercados por sí solos no son ni eficientes ni estables y tienden a acumular la riqueza en manos de unos pocos más que a promover la competencia. Revela además cómo las políticas de gobiernos e instituciones son propensas a acentuar esta tendencia, influyendo sobre los mercados en modos que dan ventaja a los más ricos frente al resto. La democracia y el imperio de la ley se ven a su vez debilitados por la cada vez mayor concentración del poder en manos de los más privilegiados. Este libro constituye una contundente crítica a las ideas del libre mercado y a la dirección que Estados Unidos y muchas otras sociedades han tomado durante los últimos treinta años, demostrando por qué no es solo injusta sino además insensata. Stiglitz ofrece esperanza en la forma de un concreto conjunto de reformas que contribuirían a crear una sociedad más justa y equitativa, además de una economía más sólida y estable. |
| 586 ## - NOTA DE PREMIOS |
| Nota de premios |
Premio Novel de Economía |
| 651 ## - PUNTO DE ACCESO ADICIONAL DE MATERIA--NOMBRE GEOGRÁFICO |
| Nombre geográfico |
Estados Unidos Igualdad |
| Subdivisión general |
Aspectos sociales |
| 651 ## - PUNTO DE ACCESO ADICIONAL DE MATERIA--NOMBRE GEOGRÁFICO |
| Nombre geográfico |
Democracia |
| Subdivisión general |
Distribución del ingreso |
| 651 ## - PUNTO DE ACCESO ADICIONAL DE MATERIA--NOMBRE GEOGRÁFICO |
| Nombre geográfico |
Condiciones socioeconómicas |
| 942 ## - ELEMENTOS DE PUNTO DE ACCESO ADICIONAL (KOHA) |
| Fuente del sistema de clasificación o colocación |
|
| Tipo de ítem Koha |
Libro |